Spitznamen der FIFA Weltmeisterschaft 2026 - Statistiken

Allgemein
  • Dieses Quiz wurde 89 mal gespielt
  • Das Durchschnittsergebnis liegt bei 17 aus 48
Antwortstatistiken
Hint Antwort % Korrekt
The Pharaohs Ägypten
88%
Die Mannschaft Deutschland
86%
Oranje Niederlande
84%
Three Lions England
79%
Les Bleus Frankreich
77%
Seleção Brasilien
66%
Stars & Stripes USA
66%
The Socceroos Australien
63%
La Roja Spanien
61%
Røde Hvite Blå (Rot Weiß Blau) Norwegen
59%
Unsere Burschen Österreich
59%
Blågult (Blau und Gelb) Schweden
59%
Nati Schweiz
57%
Samurai Blue Japan
55%
Red Devils Belgien
50%
Ay-Yıldızlılar (Halbmond Stern) Turkei
50%
La Albiceleste Argentinien
48%
Les Éléphants Elfenbeinküste
46%
Kockasti (Die Karos) Kroatien
43%
The Black Stars Ghana
41%
Bafana Bafana (Jungs Jungs) Südafrika
39%
Zmajevi (Drachen) Bosnien & Herzegovina
30%
Lions of Mesopotamia Irak
30%
Taegeuk Warriors Südkorea
30%
Les Lions de l'Atlas Marokko
29%
Eagles of Carthage Tunesien
27%
The Blue Wave Curaçao
25%
Los Cafeteros Kolumbien
23%
Tartan Army* Schottland
23%
All Whites Neuseeland
21%
Les Fennecs (Fennec Füchse) Algerien
20%
El Tri (Dreifarben) Mexiko
20%
Los Guaraníes Paraguay
20%
Les Grenadiers Haiti
18%
The Reds Kanada
18%
Seleção das Quinas Portugal
18%
The Green Falcons Saudi Arabien
18%
Los Canaleros Panama
16%
La Celeste (Skyblues) Uruguay
14%
Tubarões Azuis (Blaue Haie) Kap Verde
13%
Les Léopards D. R. Kongo
11%
Les Lions de la Téranga Senegal
9%
Nároďák (Nationalmannschaft) Tschechien
9%
Oq boʻrilar (Weiße Wölfe) Usbekistan
9%
La Tri (Dreifarben) Ecuador
5%
Team Melli Iran
5%
Al Nashama (Die Tapferen) Jordanien
5%
The Maroons Katar
5%
Keine übereinstimmenden Quizze gefunden
Verteilung der Resultate
Anzahl Personen mit jedem Resultat
Perzentil nach korrekt beantworteten Fragen
Ihre Resultats-Entwicklung
Sie haben dieses Quiz noch nicht gespielt